The hour has come: proceedings of the National Conference on the Multi-party Option held at Garden House Hotel, Lusaka, (Record no. 76343)

MARC details
000 -LEADER
fixed length control field 00853nam a2200169 a 4500
008 - FIXED-LENGTH DATA ELEMENTS--GENERAL INFORMATION
fixed length control field 120416s1990 ||||||||||||||||| || u
020 ## - INTERNATIONAL STANDARD BOOK NUMBER
International Standard Book Number 9982816004
050 ## - LIBRARY OF CONGRESS CALL NUMBER
Classification number JQ 2881 Nat
100 ## - MAIN ENTRY--PERSONAL NAME
Personal name Mbikusita-Lewanika, Akashambatwa
245 14 - TITLE STATEMENT
Title The hour has come: proceedings of the National Conference on the Multi-party Option held at Garden House Hotel, Lusaka,
Statement of responsibility, etc. edited by Akashambatwa Mbikusita-Lewanika
260 ## - PUBLICATION, DISTRIBUTION, ETC.
Place of publication, distribution, etc. Lusaka
Name of publisher, distributor, etc. Zambia Research Foundation
Date of publication, distribution, etc. 1990
300 ## - PHYSICAL DESCRIPTION
Extent xi, 152 pages : illustrations
350 ## -
-- 0.00
700 ## - ADDED ENTRY--PERSONAL NAME
Personal name Chitala, Derrick
995 ## -
-- SPECIAL COLLECTIONS
-- 0.00
-- 721341
-- CBU-MAIN LIBRARY (Kitwe)
-- 1
-- 0.00
-- ZAM JQ 2881 LEW
-- 2
-- AVAILABLE
-- Apr 3, 2008
-- 024172
-- Zambiana Collection
995 ## -
-- SPECIAL COLLECTIONS
-- 0.00
-- 721340
-- CBU-MAIN LIBRARY (Kitwe)
-- 1
-- 300.00
-- ZAM JQ 2881 LEW
-- 1
-- AVAILABLE
-- 009068
-- Zambiana Collection
999 ## -
-- 76343
-- 76343
Holdings
Withdrawn status Lost status Source of classification or shelving scheme Damaged status Not for loan Permanent Location Current Location Shelving location Date acquired Total Checkouts Full call number Barcode Date last seen Copy number Price effective from Koha item type
          CBU-MAIN LIBRARY, KITWE. CBU-MAIN LIBRARY, KITWE.   04/25/2023   ZAM JQ 2881 Nat 024172 04/25/2023 1 04/25/2023 SPECIAL COLLECTION
          CBU-MAIN LIBRARY, KITWE. CBU-MAIN LIBRARY, KITWE.   04/25/2023   ZAM JQ 2881 Nat 009068 04/25/2023 2 04/25/2023 SPECIAL COLLECTION